Métodos estadísticos de la econometría (Registro nro. 2659)
[ vista simple ]
| 000 -LEADER | |
|---|---|
| fixed length control field | 01556 a2200217 4500 |
| 001 - CONTROL NUMBER | |
| control field | 36559 |
| 005 - DATE AND TIME OF LATEST TRANSACTION | |
| control field | 20260407155640.0 |
| 008 - FIXED-LENGTH DATA ELEMENTS--GENERAL INFORMATION | |
| fixed length control field | 260407a1967 arg spa d |
| 003 - CONTROL NUMBER IDENTIFIER | |
| control field | AR-UNSa-BCEJYS |
| 040 ## - CATALOGING SOURCE | |
| Original cataloging agency | AR-UNSa-BCEJYS |
| Language of cataloging | spa |
| Transcribing agency | AR-UNSa-BCEJYS |
| 080 ## - UNIVERSAL DECIMAL CLASSIFICATION NUMBER | |
| Universal Decimal Classification number | 330.43 |
| Common auxiliary subdivision | Econometría |
| 041 ## - LANGUAGE CODE | |
| Language code of text/sound track or separate title | spa |
| 100 1# - MAIN ENTRY--PERSONAL NAME | |
| Personal name | Malinvaud, Edmond |
| 245 10 - TITLE STATEMENT | |
| Title | Métodos estadísticos de la econometría |
| 264 #1 - PRODUCTION, PUBLICATION, DISTRIBUTION, MANUFACTURE, AND COPYRIGHT NOTICE | |
| Place of production, publication, distribution, manufacture | Barcelona : |
| Name of producer, publisher, distributor, manufacturer | Ariel |
| Date of production, publication, distribution, manufacture, or copyright notice | 1967 |
| 300 ## - PHYSICAL DESCRIPTION | |
| Extent | xx, 706 p. |
| Dimensions | 23 cm. |
| 505 ## - FORMATTED CONTENTS NOTE | |
| Formatted contents note | 1. Econometría son modelo aleatorio - 2. Modelos económicos e inducción estadística - 3. Modelo lineal de la regresión simple - 4. La función de consumo. Discusión de un problema econométrico - 5. Teoría general de la regresión lineal - 6. Regresiones múltiples - 7. Análisis de la variancia y de la covariancia - 8. Complementos diversos - 9. Modelos no lineales con errores aditivos - 10. Modelos lineales con errores en las variables - 11. Introducción a los procesos estocásticos - 12. Análisis estadístico de las series temporales - 13. Relación entre los errores en los modelos de regresión - 14. Modelos autorregresivos - 15. Modelos con retardos escalonados - 16. Modelos con ecuaciones múltiples en econometría - 17. Los problemas de estimación a la luz de algunos ejemplos - 18. Identificación - 19. Métodos generales de estimación de los modelos de varias ecuaciones - 20. Estimación de una ecuación en un modelo de ecuaciones múltiples |
| 590 ## - LOCAL NOTE (RLIN) | |
| Local note | niveau_biblio:m niveau_hierar:0 |
| 700 1# - ADDED ENTRY--PERSONAL NAME | |
| Personal name | Arnaiz Vellando, Gonzalo |
| 942 ## - ADDED ENTRY ELEMENTS (KOHA) | |
| Koha item type | |
| Withdrawn status | Lost status | Damaged status | Not for loan | Home library | Current library | Shelving location | Date acquired | Total checkouts | Full call number | Barcode | Date last seen | Price effective from | Koha item type |
|---|---|---|---|---|---|---|---|---|---|---|---|---|---|
| Biblioteca Prof. Eusebio Cleto del Rey | Biblioteca Prof. Eusebio Cleto del Rey | 07/04/2026 | 330.43 M251 | L22503 | 07/04/2026 | 07/04/2026 | Libro | ||||||
| Biblioteca Prof. Eusebio Cleto del Rey | Biblioteca Prof. Eusebio Cleto del Rey | 07/04/2026 | 330.43 M251 | L22504 | 07/04/2026 | 07/04/2026 | Libro |